000 00546nam a2200181Ia 4500
008 090122s9999 xx 000 0 und d
082 _b11249
100 _aखांडेकर
_bवि
_c
245 _aक्रौंचवध
260 _bदेशमुख आणि कं.
_c1974
300 _a288
501 _a"सावरकर / आठवले, भेट"
600 _aखांडेकर
630 _aक्रौंचवध
700 _aखांडेकर
730 _aक्रौंचवध
942 _cBOOK
999 _c35326
_d35326